000 00463nam a2200181Ia 4500
001 2271
005 20260306143830.0
008 260306t2013||||xx |||||||||||||| ||spa||
041 _aESP
082 _a616.8527
_bM26
100 _aMartell, Christopher R.
_eAUT
245 0 _aActivación conductual para la depresión:
_buna guía clínica
260 _c2013
300 _a285 páginas :
_c21 cm.
650 _aGEN
654 _aCPS
942 _cLIB
_dJUS
_fJUS
_2ddc
_n
999 _c2271
_d2271